书目信息 |
| 题名: |
路径转换:中国经济发展新视野
|
|
| 作者: | 杨永华 著 | |
| 分册: | ||
| 出版信息: | 成都 西南财经大学出版社 |
|
| 页数: | 469页 | |
| 开本: | 32开 | |
| 丛书名: | ||
| 单 册: | ||
| 中图分类: | F12 | |
| 科图分类: | ||
| 主题词: | 经济--中国 | |
| 电子资源: | ||
| ISBN: | 7-81055-646-0 | |
| 000 | 00604nam0 2200205 45 | |
| 001 | 0104111094 | |
| 005 | 20120323154120.84 | |
| 010 | @a7-81055-646-0@d22.80元 | |
| 100 | @a20010411d km y0chiy0120 ea | |
| 101 | 0 | @achi |
| 102 | @aCN@b510000 | |
| 105 | @a z 000yy | |
| 200 | 1 | @a路径转换:中国经济发展新视野@ALu Jing Zhuan Huan:Zhong Guo Jing Ji Fa Zhan Xin ShiYe@f杨永华著@FYang Yong Hua Zhu |
| 210 | @a成都@c西南财经大学出版社@d | |
| 215 | @a469页@d32开 | |
| 606 | 0 | @a经济@x中国 |
| 690 | @aF12@v3 | |
| 701 | 0 | @a杨永华@4著 |
| 801 | @aCN@bPftUser@c20010411 | |
| 905 | @b337517-520@dF12@eY335@f4 | |
| 路径转换:中国经济发展新视野/杨永华著.-成都:西南财经大学出版社 |
| 469页;32开 |
| ISBN 7-81055-646-0:22.80元 |
| ● |
| 相关链接 |
|
|
|
正题名:路径转换:中国经济发展新视野
索取号:F12/Y335
 
预约/预借
| 序号 | 登录号 | 条形码 | 馆藏地/架位号 | 状态 | 备注 |
| 1 | 337517 | 203375178 | 社科库409/400B社科库 2排2列3层/ [索取号:F12/Y335] | 在馆 | |
| 2 | 337518 | 203375187 | 社科库409/400B社科库 2排3列4层/ [索取号:F12/Y335] | 在馆 | |
| 3 | 337519 | 203375196 | 社科库409/422社科库 38排4列2层/ [索取号:F12/Y335] | 在馆 | |
| 4 | 337520 | 203375203 | 社科库409/400B社科库 2排2列3层/ [索取号:F12/Y335] | 在馆 |